Leading Innovation and Entrepreneurship in Healthcare: A Global Perspective (Record no. 43396)
[ view plain ]
| 000 -LEADER | |
|---|---|
| fixed length control field | 00505nam a22001697a 4500 |
| 005 - DATE AND TIME OF LATEST TRANSACTION | |
| control field | 20250325165953.0 |
| 008 - FIXED-LENGTH DATA ELEMENTS--GENERAL INFORMATION | |
| fixed length control field | 250325b |||||||| |||| 00| 0 eng d |
| 020 ## - INTERNATIONAL STANDARD BOOK NUMBER | |
| International Standard Book Number | 9781035300280 |
| 041 ## - LANGUAGE CODE | |
| Language code of text/sound track or separate title | Eng |
| 082 ## - DEWEY DECIMAL CLASSIFICATION NUMBER | |
| Classification number | 362.1068 KEA |
| 100 ## - MAIN ENTRY--PERSONAL NAME | |
| Author | Kearney, Claudine |
| 245 ## - TITLE STATEMENT | |
| Title | Leading Innovation and Entrepreneurship in Healthcare: A Global Perspective |
| 260 ## - PUBLICATION, DISTRIBUTION, ETC. | |
| Place | UK |
| Publisher | Edward Elgar |
| Publication Year | 2022 |
| 300 ## - PHYSICAL DESCRIPTION | |
| Extent | 190;. P 23 cm |
| 650 ## - SUBJECT ADDED ENTRY--TOPICAL TERM | |
| Subject | Public Health Administration; Entrepreneurship; Leadership |
| 942 ## - ADDED ENTRY ELEMENTS (KOHA) | |
| Koha item type | Books |
| Withdrawn status | Lost status | Source of classification or shelving scheme | Damaged status | Not for loan | Home library | Current library | Shelving location | Accession Date | Vendor | Price | Bill number | Total Checkouts | Full call number | Barcode No | Date last seen | Date last checked out | Discount | Bill Date | Koha item type | Suggested By |
|---|---|---|---|---|---|---|---|---|---|---|---|---|---|---|---|---|---|---|---|---|
| Dewey Decimal Classification | IMTN | IMTN | Rack 15-A | 03/18/2025 | Raghav Books Private Limited | 4001.24 | 2374 | 1 | 362.1068 KEA | 33687 | 10/16/2025 | 10/11/2025 | 33 | 02/14/2025 | Books | Dr. Senthil Kumar |